Pro Tools 10 for game audio / (Record no. 26002)
[ view plain ]
| 000 -LEADER | |
|---|---|
| fixed length control field | 01444cam a22003497a 4500 |
| 005 - DATE AND TIME OF LATEST TRANSACTION | |
| control field | 20230714125352.0 |
| 008 - FIXED-LENGTH DATA ELEMENTS--GENERAL INFORMATION | |
| fixed length control field | 111031s2012 maua 001 0 eng d |
| 010 ## - LIBRARY OF CONGRESS CONTROL NUMBER | |
| LC control number | 2011942301 |
| 020 ## - INTERNATIONAL STANDARD BOOK NUMBER | |
| ISBN | 9781133788843 |
| 020 ## - INTERNATIONAL STANDARD BOOK NUMBER | |
| ISBN | 113378884X |
| 035 ## - SYSTEM CONTROL NUMBER | |
| System control number | (OCoLC)ocn780068305 |
| 035 ## - SYSTEM CONTROL NUMBER | |
| System control number | (OCoLC)780068305 |
| Canceled/invalid control number | (OCoLC)760974665 |
| 040 ## - CATALOGING SOURCE | |
| Original cataloging agency | IMD |
| Transcribing agency | IMD |
| Modifying agency | IMD |
| -- | YDXCP |
| -- | BTCTA |
| -- | BDX |
| -- | DLC |
| 042 ## - AUTHENTICATION CODE | |
| Authentication code | lccopycat |
| 082 04 - DEWEY DECIMAL CLASSIFICATION NUMBER | |
| Classification number | 621.389 |
| Edition number | 23 |
| Item number | DEB-P |
| 100 1# - MAIN ENTRY--AUTHOR | |
| Author Name | DeBeer, Greg. |
| 245 10 - TITLE STATEMENT | |
| Title | Pro Tools 10 for game audio / |
| Statement of responsibility, etc. | Greg deBeer. |
| 260 ## - PUBLICATION, DISTRIBUTION, ETC. | |
| Place of Publication | Boston, Mass. : |
| Name of publisher, distributor, etc. | Course Technology/Cengage Learning, |
| Date of publication, distribution, etc. | c2012. |
| 300 ## - PHYSICAL DESCRIPTION | |
| Pages | xix, 295 p. : |
| 490 0# - SERIES STATEMENT | |
| Series Statement | Avid learning series: user certification |
| 500 ## - GENERAL NOTE | |
| General note | Includes index. |
| 650 #0 - SUBJECT ADDED ENTRY--TOPICAL TERM | |
| Subject / Department | Video games |
| General subdivision | Sound effects. |
| 650 #0 - SUBJECT ADDED ENTRY--TOPICAL TERM | |
| Subject / Department | Digital audio editors. |
| 650 #0 - SUBJECT ADDED ENTRY--TOPICAL TERM | |
| Subject / Department | Sound |
| General subdivision | Recording and reproducing |
| -- | Digital techniques. |
| 300 ## - PHYSICAL DESCRIPTION | |
| -- | ill. (some col.) ; |
| -- | 23 cm. + |
| 856 42 - | |
| -- | Publisher description |
| -- | http://www.loc.gov/catdir/enhancements/fy1214/2011942301-d.html |
| 856 41 - | |
| -- | Table of contents only |
| -- | http://www.loc.gov/catdir/enhancements/fy1214/2011942301-t.html |
| 856 42 - | |
| -- | Contributor biographical information |
| -- | http://www.loc.gov/catdir/enhancements/fy1303/2011942301-b.html |
| 906 ## - LOCAL DATA ELEMENT F, LDF (RLIN) | |
| a | 7 |
| b | cbc |
| c | copycat |
| d | 2 |
| e | ncip |
| f | 20 |
| g | y-gencatlg |
| 952 ## - LOCATION AND ITEM INFORMATION (KOHA) | |
| -- | 0 |
| -- | 0 |
| Lost status | Damaged status | Permanent Location | Current Location | Shelving Location | Date acquired | Full Call Number | Accession No./Barcode | Date last seen | item type |
|---|---|---|---|---|---|---|---|---|---|
| Superior Information Resource Center (SIRC) Superior University- Gold Campus | Superior Information Resource Center (SIRC) Superior University- Gold Campus | MISC | 07/14/2023 | 621.389 DEB-P 2012 | 19458 | 07/14/2023 | BOOK |
